Migración centroamericana: pasado y presente /
Se examinan las recientes migraciones, tanto dentro de la región centroamericana como hacia Estados Unidos y México. Incluye la migración tanto de refugiados como indocumentados, y realiza una comparación de las tasas de migración recientes para El Salvador, Guatemala y Nicaragua con sus niveles his...
שמור ב:
| מחבר ראשי: | |
|---|---|
| פורמט: | Texto |
| שפה: | Spanish |
| נושאים: | |
| תגים: |
הוספת תג
אין תגיות, היה/י הראשונ/ה לתייג את הרשומה!
|
MARC
| LEADER | 00000 a a2200000 04500 | ||
|---|---|---|---|
| 001 | 16109 | ||
| 003 | cru CIDCACS/IIS | ||
| 005 | 20230518135504.0 | ||
| 008 | 230518b |||||||| |||| 00| 0 spa d | ||
| 040 | |c cru CIDCACS/IIS | ||
| 100 | |a Peterson, Linda S. | ||
| 245 | |a Migración centroamericana: |b pasado y presente / |c Linda S. Peterson | ||
| 500 | |a Colección Centroamérica | ||
| 520 | |a Se examinan las recientes migraciones, tanto dentro de la región centroamericana como hacia Estados Unidos y México. Incluye la migración tanto de refugiados como indocumentados, y realiza una comparación de las tasas de migración recientes para El Salvador, Guatemala y Nicaragua con sus niveles históricos de migración. Los análisis de la información demográfica y las estadísticas de los refugiados sugieren que la mayoría de los países de la región han experimentado una emigración neta anual contínua a partir de los años sesenta. Sin embargo desde 1978 el volumen de la emigración neta para El Salvador, Guatemala y Nicaragua ha aumentado hasta 15 veces sus niveles anteriores. Como resultado, los países vecinos experimentan una inmigración neta sin precedentes. Los estimados actuales para los inmigrantes centroamericancos varían bastante |a en muchos casos un estimado de los inmigrantes indocumentados es mucho mayor a otros tomados de una fuente diferente. Con frecuencia el punto medio entre las estimaciones puede no ser la mejor conjetura de una persona. Por consiguiente el reporte compila y documenta, según fuente, los estimados disponibles y presenta en el texto del reporte los rangos de los datos. Los cuadros del resumen ejecutivo presentan los rangos de los estimados para las poblaciones desplazadas de Centroamérica, su destino, y el tamaño relativo en sus países anfitriones. Los cuadros resúmenes están basados en estimados más detallados proporcionados en los cuadros contenidos en el reporte. A su vez, esos cuadros se derivan de las tablas presentadas en el apéndice, que son más detalladas, donde se proporcionan las fuentes para cada cifra. HB/hmbq | ||
| 650 | |a MIGRACIONES | ||
| 650 | |a ASPECTOS SOCIALES | ||
| 650 | |a POBLACION | ||
| 650 | |a REFUGIADOS | ||
| 650 | |a CENSOS | ||
| 773 | |g número 43; páginas 3-82 | ||
| 773 | 0 | |0 43159 |9 8595 |a Banco Centroamericano de Integración Económica. |d Honduras: BCIE, 1971- |o 22836 |t Revista de la Integración y el Desarrollo de Centroamérica / | |
| 942 | |2 ddc |c PP | ||
| 999 | |c 34983 |d 34983 | ||
